Why ecumenism matters in India / (Record no. 23620)

MARC details
000 -LEADER
fixed length control field 00397cam a2200169 i 4500
020 ## - INTERNATIONAL STANDARD BOOK NUMBER
ISBN 9789391399061
020 ## - INTERNATIONAL STANDARD BOOK NUMBER
ISBN 9391399061
082 ## - DEWEY DECIMAL CLASSIFICATION NUMBER
Classification number 261.20954
Author Cutter MAC
100 1# - MAIN ENTRY--AUTHOR NAME
Author name Machado, Felix,
245 10 - TITLE STATEMENT
Title Why ecumenism matters in India /
260 ## - PUBLICATION, DISTRIBUTION, ETC. (IMPRINT)
Place of publication Bangalore
Name of publisher ATC
Year of publication 100
300 ## - PHYSICAL DESCRIPTION
Number of Pages ix, 100 pages ;
650 #0 - SUBJECT ADDED ENTRY--TOPICAL TERM
Topical Term Christianity
650 #0 - SUBJECT ADDED ENTRY--TOPICAL TERM
Topical Term Ecumenical movement
942 ## - ADDED ENTRY ELEMENTS (KOHA)
Koha item type Books
Holdings
Home library Current library Shelving location Date acquired Source of acquisition Cost, normal purchase price Full call number Accession Number Koha item type
Henry Martyn Institute Library Henry Martyn Institute Library General stacks 10/07/2025 Director 175.00 261.20954 MAC 11004899 Books
                   Copyright © 2026 | Henry Martyn Institute | Hyderabad | TS-500052 | INDIA | Implemented by hmi.edu.in
Hit-Count:

Powered by Koha